| 000 | 01823cam a22004574i 4500 | ||
|---|---|---|---|
| 003 | PE-LiUPU | ||
| 005 | 20250731173136.0 | ||
| 008 | 150623s r 000 0 d | ||
| 020 | _a0871961296 | ||
| 035 | _a(Sirsi) i9780871961297 | ||
| 040 |
_aPE-LiUPU _bspa _cPE-LiUPU _erda |
||
| 049 | _aPRUA | ||
| 082 | 0 | 4 |
_a291.09 _bW97 _221 |
| 245 | 0 | 0 |
_aWorld religions : _bfrom ancient history to the present / _ced. Edward Geoffrey Parrinder. |
| 264 | 1 |
_aNew York, NY : _bFacts on file publications, _c1984. |
|
| 300 |
_a528 páginas : _bil., gráficos fotos ; _c23 centímetros |
||
| 336 |
_atext _2rdacontent |
||
| 337 |
_aunmediated _2rdamedia |
||
| 338 |
_avolume _2rdacarrier |
||
| 504 | _aIncluye bibliografía. | ||
| 505 | 0 | _aPrehistoric religion. -Tribal religion in Asia. -Early Australasia. -Traditional Africa. -Aztecs and Mayas. -Andean religion. -Northern Europe in the Iron Age. -Mesopotamia. -Ancient Egypt. -Ancient Greece. -Ancient Rome. -Ancient Iran. -Hinduism. -Jainism. -Sikhism. -Buddhism. -China. -Japan. -Judaism. -Christianity. -Islam. | |
| 526 | _aSEG42 | ||
| 526 | _aSEG41 | ||
| 526 | _aSEG40 | ||
| 526 | _aSEG39 | ||
| 526 | _aP94 | ||
| 526 | _aP87 | ||
| 526 | _aP86 | ||
| 526 | _aP85 | ||
| 526 | _aP77 | ||
| 526 | _aP76 | ||
| 526 | _aP35 | ||
| 650 | 0 | 4 |
_aReligiones _xHistoria. |
| 700 | 1 |
_aParrinder, Edward Geoffrey, _eed. |
|
| 942 |
_2ddc _cBOOK |
||
| 949 |
_a291.09 W97 _wDEWEY _c1 _i52251 _lCCODEBUL1 _mBUL _p10.00 _r0 _sY _tBOOK _u2015-6-24 _xTEOLOGIA _PP35 _0COMPRA _o.STAFF. Colección General |
||
| 994 |
_aC0 _bPEPRU |
||
| 596 | _a1 | ||
| 999 |
_a291.09 W97 _wDEWEY _c34066 _i52251 _f2021-11-11 _g4 _lCCODEBUL1 _mBUL _p10.00 _r0 _sY _tBOOK _u2015-6-24 _xTEOLOGIA _PP35 _0COMPRA _o.STAFF. Colección General _d34066 |
||
| 980 |
_81 _gALBERTO SANCHEZ Responsable de Automatización |
||